Wpisz ostatnie litery - Statystyki

Ogólne statystyki
  • Ten quiz został rozwiązany 58 razy
  • Średni wynik to 13 z 15
Statystyki odpowiedzi
Hint Odpowiedź % Poprawnych
Hisz Pania
100%
Egi Pt
100%
Chi Ny
98%
Pol Ska
98%
Kan Ada
96%
Bra Zylia
96%
In Die
95%
Par Agwaj
93%
Irl Andia
84%
Kiri Bati
84%
Je Men
84%
Me Ksyk
77%
Ro Sja
77%
Kon Go
73%
Sa Moa
43%
Nie znaleziono quizów pasujących do podanych kryteriów
Rozkład punktacji
Procent ludzi z każdym wynikiem
Percentyl według liczby udzielonych odpowiedzi
Twoja historia wyników
Nie rozwiązałeś tego quizu